00950nam a2200301 a 450000100060000000300100000600500170001600700030003300800410003602000180007704000300009504300120012508200250013708400100016210000360017224500860020825000180029430000300031233600270034233700330036933800280040252100210043065000390045165000380049065000450052870000300057383000450060358282CO-BoRNBP20250821134607.0ta090801s2009    ck a   jr     00011dspa d  a9789587048339  aCO-BoBLA bspa cCO-BoBLA  as-ag---04aI863.6 bP37c11 219  aN PES1 aPescetti, Luis María, d1958-10aChat Natacha chat / cLuis María Pescetti ; ilustraciones de Pablo Fernández.  a1a. edición  a114 p. : bil. ; c20 cm.  2rdacontentatextobtxt  2rdamediaasin mediaciónbn  2rdacarrieravolumenbnc  aDesde 10 años. 7aNovela juvenil argentina.2BLAAUTO 7aFamiliavNovela juvenil.2BLAAUTO 7aPadres e hijosvNovela juvenil.2BLAAUTO0 aFernández, Pablo, eil. 0aLista Básica-Bibliotecas Públicas 2.